| 000 | 00000nam 2200000za 4500 |
| 001 | 9.843450 |
| 003 | CaOODSP |
| 005 | 20251103145408 |
| 007 | cr ||||||||||| |
| 008 | 170912s2017 onc o f000 0 fre d |
| 040 | |aCaOODSP|bfre |
| 043 | |an-cn--- |
| 086 | 1 |aD97-1/100-2017F-PDF |
| 245 | 00|aReconnaître les courriels malveillants |h[ressource électronique]. |
| 260 | |a[Ottawa] : |bCentre de la sécurité des télécommunications, |c2017. |
| 300 | |a[2] p. |
| 490 | 1 |aSérie sensibilisation ; |vITSAP.00.100 |
| 500 | |aPubl. aussi en anglais sous le titre : Spotting malicious e-mail messages. |
| 500 | |aTitre de départ. |
| 500 | |a« Non classifié. » |
| 500 | |a« Mai 2017. » |
| 500 | |aPubl. aussi en format HTML. |
| 692 | 07|2gccst|aGouvernement fédéral |
| 692 | 07|2gccst|aCourrier électronique |
| 692 | 07|2gccst|aSécurité informatique |
| 710 | 2 |aCentre de la sécurité des télécommunications (Canada) |
| 775 | 08|tSpotting malicious email messages |w(CaOODSP)9.843447 |
| 830 | #0|aSérie sensibilisation (Centre de la sécurité des télécommunications (Canada))|vITSAP.00.100.|w(CaOODSP)9.842817 |
| 856 | 40|qPDF|s829 Ko|uhttps://publications.gc.ca/collections/collection_2017/cstc-csec/D97-1-100-2017-fra.pdf |
| 856 | 4 |qHTML|sS.O.|uhttps://cyber.gc.ca/fr/orientation/reconnaitre-les-courriels-malveillants-itsap00100 |